| 000 | 00406cam a2200169ua 4500 | ||
|---|---|---|---|
| 020 | _cRs.9/- | ||
| 041 |
_aeng _h |
||
| 082 |
_a320.4 _bSAT/IN |
||
| 100 | _aSatyendra nath sen , Satyendra nath sen . | ||
| 245 | _aIntroduction to cicvics | ||
| 260 |
_aCalcutta : _bBook land pvt Ltd , _c1964. |
||
| 300 | _a565 ; . | ||
| 365 | _aRs.9/- | ||
| 504 | _a | ||
| 942 | _cBK | ||
| 999 |
_c11217 _d11217 |
||